Coleccionismo : (Record no. 677)
[ view plain ]
| 000 -LEADER | |
|---|---|
| campo de control de longitud fija | 00991nas a2200265 i 4500 |
| 001 - NÚMERO DE CONTROL | |
| campo de control | 677 |
| 003 - IDENTIFICADOR DE NÚMERO DE CONTROL | |
| campo de control | ES-MaACL |
| 005 - FECHA Y HORA DE LA ÚLTIMA TRANSACCIÓN | |
| campo de control | 20250812062549.0 |
| 008 - DATOS DE LONGITUD FIJA--INFORMACIÓN GENERAL | |
| campo de control de longitud fija | 950801d19131961sp m| | 1 ||pa d |
| 022 ## - NÚMERO INTERNACIONAL NORMALIZADO PARA PUBLICACIONES SERIADAS | |
| Número Internacional Normalizado para Publicaciones Seriadas | 2484-2869 |
| 080 ## - NÚMERO DE LA CLASIFICACIÓN DECIMAL UNIVERSAL | |
| Número de la Clasificación Decimal Universal | 379.824 |
| 245 00 - MENCIÓN DEL TÍTULO | |
| Título | Coleccionismo : |
| Resto del título | revista mensual de los coleccionistas. |
| 260 ## - PUBLICACIÓN, DISTRIBUCIÓN, ETC. | |
| Lugar de publicación, distribución, etc. | Madrid : |
| Nombre del editor, distribuidor, etc. | [s.n.], |
| Fecha de publicación, distribución, etc. | 1913-1961. |
| 300 ## - DESCRIPCIÓN FÍSICA | |
| Extensión | 4 v. : |
| Otras características físicas | il. ; |
| Dimensiones | 27 cm. |
| 310 ## - PERIODICIDAD ACTUAL | |
| Periodicidad actual | Irregular, |
| Fecha de comienzo de la periodicidad actual | 1943-1961 |
| 321 ## - PERIODICIDAD ANTERIOR | |
| Periodicidad anterior | Mensual, |
| Fechas de la periodicidad anterior | 1913-1923 |
| 321 ## - PERIODICIDAD ANTERIOR | |
| Periodicidad anterior | Trimestral, |
| Fechas de la periodicidad anterior | 1924-1926 |
| 362 0# - FECHAS DE PUBLICACIÓN Y/O DESIGNACIÓN SECUENCIAL | |
| Fecha de publicación y/o designación secuencial | Año 1, n. 1 (en. 1913)- ; 2. época, año 19, n. 195 (marzo 1943)-año 20, n. 197 (marzo 1944); 3. época, año 32 (sic), n. 198 (en. 1945)-año 48, n. 232/233 (oct./nov. 1961) |
| 500 ## - NOTA GENERAL | |
| Nota general | No se publicó en 1926. |
| 650 17 - PUNTO DE ACCESO ADICIONAL DE MATERIA--TÉRMINO DE MATERIA | |
| Término de materia o nombre geográfico como elemento de entrada | Arte |
| Fuente del encabezamiento o término | embne |
| 9 (RLIN) | 10068 |
| 650 #4 - PUNTO DE ACCESO ADICIONAL DE MATERIA--TÉRMINO DE MATERIA | |
| Término de materia o nombre geográfico como elemento de entrada | Coleccionistas y colecciones. |
| 9 (RLIN) | 135787 |
| 852 ## - LOCALIZACIÓN | |
| Ubicación | ES-MaACL |
| Número de control de estantería | HEM-H-214 |
| Encuadernación | hem-1400 |
| Signatura antigua | |
| 866 #0 - MENCIÓN TEXTUAL DE FONDOS--UNIDAD BIBLIOGRÁFICA BÁSICA | |
| Fondos | 1922-23(1924f.jul.-dic.)(1925).1927-28(1929f.jun.)(1930f.nov.-dic.)(1931). |
| Estatus retirado | Estado de pérdida | Fuente del sistema de clasificación o colocación | Estado de daño | No para préstamo | Colección | Biblioteca de origen | Biblioteca actual | Ubicación en estantería | Fecha de adquisición | Total de préstamos | Signatura topográfica completa | Código de barras | Visto por última vez | Precio de reemplazo | Tipo de ítem Koha |
|---|---|---|---|---|---|---|---|---|---|---|---|---|---|---|---|
| Clasificación decimal universal | Periódicos y Revistas | Biblioteca del Ateneo de Madrid | Biblioteca del Ateneo de Madrid | Hemeroteca | 17/01/2008 | HEM-H-214 | 1000690 | 23/02/2023 | 23/02/2023 | Revista |
